000 01063cam a2200289 a 4500
999 _c20400
_d20400
001 4191450
003 OSt
005 20200515090729.0
008 820722s1980 caua b 101 0 eng
010 _a 80053523
020 _a0890030693 (pbk.)
040 _aDLC
_coclc
_dDLC
043 _aff-----
_aaw-----
050 0 0 _aDS37.6.A2
_bG56 1979
082 0 0 _a909.097671
_219
_bKER/I
100 _92313
_aKerr, Malcolm H
111 2 _aGiorgio Levi Della Vida Conference
_n(7th :
_d1979 :
_cLos Angeles, Calif.)
245 1 0 _aIslamic studies :
_ba tradition and its problems /
_cedited by Malcolm H. Kerr.
260 _aMalibu, Calif. :
_bUndena Publications,
_c1980.
300 _a141 p. :
_bill. ;
_c24 cm.
504 _aIncludes bibliographical references and index.
650 0 _aHistory & geography
_vIslamic History
_92271
650 0 _aIslam
_xStudy and teaching
_xHistory
_vCongresses.
700 1 _aKerr, Malcolm H.
906 _a7
_bcbc
_corignew
_d2
_eocip
_f19
_gy-gencatlg
942 _2ddc
_cBK
_h909.097671
_iKER/I
_k909.097671
_mKER/I